000 00724nam a2200241Ia 4500
003 OSt
005 20220923214537.0
006 a|||||r|||| 00| 0
007 ta
008 220922b |||||||| |||| 00| 0 hin d
024 _a170,634
037 _cTextual
040 _aARTS
_cARTS
_bhin
041 _2hin
_ahin
082 _aO152,3:gN, L4
100 _aतिवारी, शारदा प्रसाद
245 0 _aमेघों के सेतू
246 _aMeghoan ke setū
260 _c1974
650 _aहिन्दी साहित्य
_9156264
942 _hO152,3:gN, L4
_cTEXL
_2CC
999 _c324918
_d324918